00687cam a22002291 4500001001300000003000400013005001700017008004100034010001700075025002000092035002000112040002300132042001200155050001900167110007000186245005100256260002000307300002700327500004100354651004500395999001700440sa 65002501 DLC20260227112117.0880323s1964 ii a 000 0 eng  asa 65002501  aPL480:I-E-E-678 a(OCoLC)17665162 aDLCcWaUdWaUdDLC apremarc00aHC437.M28bA571 aMadhya Pradesh (India).bDirectorate of Economics and Statistics.10aThird five year plan progress report, 1962-63. a[Bhopal,c1964] a190 p.billus.c25 cm. aErrata slip mounted on verso of t.p. 0aMadhya Pradesh (India)xEconomic policy. c62670d62670